000 01459nam a2200349 i 4500
001 768714001
003 CO-MdFUSB
005 20231023124348.0
007 ta
008 230427t19801967us ||||g |||| 00| 0 eng d
020 _a0806617624
040 _aCO-MdFUSB
_bspa
_cCO-MdFUSB
_dCO-MdFUSBC
_erda
041 _aeng
082 _223
_a223.207
_bW527p
100 _aWestermann, Claus
_eautor
242 _aDer Salter
_lInglés
245 1 4 _aThe Psalms
_b: structure, content & message
_c/ Claus Westermann ; traducido por Ralph D. Gehrke
264 1 _aMinneapolis, Minnesota :
_bAugsburg Publishing House,
_c[1980]
264 4 _c©1980
300 _a135 páginas
_c; 20 cm
336 _2rdacontent
_atexto
_btxt
337 _2rdamedia
_asin mediación
_bn
338 _2rdacarrier
_avolumen
_bnc
504 _aIncluye bibliografía (páginas 127-128)
505 _aEl salmo comunitario del lamento -- El Salmo comunitario de alabanza narrativa -- El Salmo Individual de lamento -- El Salmo Individual de alabanza narrativa -- El Salmo de alabanza o himno descriptivo -- Salmos de la creación -- Salmos litúrgicos -- Salmos Reales -- Salmos de Entronización -- Salmos de sabiduría -- Salmo 119 -- Conclusión: Salmo 90 -- Los Salmos y Cristo.
563 _arústica
630 0 7 _aBiblia.
_pSalmos
_xCrítica, interpretación, etc.
700 _98178
_aGehrke, Ralph D.
_etraductor
942 _cBK
945 _abs
999 _c68786
_d68786